Propuesta de plan de mejora en materia de seguridad e higiene industrial en los frigoríficos de APEN, Managua

Presenta propuesta de plan de mejora en materia de seguridad e higiene industrial en los frigoríficos de APEN en el cual se realizó un diagnóstico de la situación actual asi como la identificación de los riesgos potenciales y la realización de los mapas de riesgos y rutas de evacuación....

Full description

Bibliographic Details
Main Authors: Huete González, Yakarelys Nohemí, Ortiz, Gustavo Adolfo
Other Authors: Tutor: Cáceres Antón, Juan Agustín
Format: Tesis Section = Libro
Language:Undetermined
Spanish
Published: Managua UNI 2018
Subjects:
LEADER 01222nam a2200277Ia 4500
008 240830s9999 xx 000 0 und d
040 |a BIBLIOTECA-RUPAP Mon 363.11 H888 
041 |a spa 
082 |a Mon 363.11 H888 
100 1 |a Huete González, Yakarelys Nohemí 
100 1 |b  Ortiz, Gustavo Adolfo 
245 1 0 |a Propuesta de plan de mejora en materia de seguridad e higiene industrial en los frigoríficos de APEN, Managua 
260 |a Managua  |b UNI  |c 2018 
300 |a 270 p. :il. 
500 |a Contiene anexos 
502 |a Tesis (Ingeniero Industrial)- UNI, 2018. 
520 3 |a Presenta propuesta de plan de mejora en materia de seguridad e higiene industrial en los frigoríficos de APEN en el cual se realizó un diagnóstico de la situación actual asi como la identificación de los riesgos potenciales y la realización de los mapas de riesgos y rutas de evacuación. 
650 7 |a HIGIENE Y SEGURIDAD 
650 7 |b EVALUACION DE RIESGOS LABORALES 
650 7 |c HIGIENE Y SEGURIDAD INDUSTRIAL 
650 7 |d SALUD OCUPACIONAL 
650 7 |e ACCIDENTES DE TRABAJO - MEDIDAS DE SEGURIDAD 
700 1 |a Tutor:  |b Cáceres Antón, Juan Agustín 
942 |c BK  |2 ddc 
991 |a TESIS 
999 |c 15456